Normal view
MARC view
- Law, Land Record Manual
Entry Topical Term
001 - CONTROL NUMBER
- control field: 128047
003 - CONTROL NUMBER IDENTIFIER
- control field: NUST
005 - DATE AND TIME OF LATEST TRANSACTION
- control field: 20250303110516.0
008 - FIXED-LENGTH DATA ELEMENTS
- fixed length control field: 250303|| aca||aabn | a|a d
040 ## - CATALOGING SOURCE
- Original cataloging agency: NUST
- Transcribing agency: NUST
150 ## - HEADING--TOPICAL TERM
- Topical term or geographic name entry element: Law, Land Record Manual
670 ## - SOURCE DATA FOUND
- Source citation: Work cat.: (NUST): Haider, Raja Nadeem 81099, Land Record Manual:, 2023.
